000 00294nam a2200133Ia 4500
008 100415s9999 xx 000 0 und d
082 _b9662
_a598.252(47)
245 _aBird Migration
260 _c0
365 _b0
630 _aBird Migration
730 _aBird Migration
942 _cBOOK
999 _c592598
_d592595